00286nam a2200097Ia 4500008004100000020001800041100001900059245005600078260004000134300001400174171205s9999 xx 000 0 und d a9789715426732 aOrtiz, Will P. cWill P. OrtizaBugtong ng Buwan at iba pang kuwento bUniversity of the Philippinesc2011 a117 pages